• 首页
  • 本馆介绍
  • 公告通知
  • 最新文献
  • 馆藏检索
  • 电子资源
  • 读者导购
  • 参考咨询
  • 我的图书馆
  • 登录
  • 详细信息显示
  • 放入我的书架
  • 预约/预借图书
  • 作者相关作品
  • 分类相关作品
  • 丛书相关作品
  • 出版社相关作品

书目信息

  • 表格格式
  • 工作单格式
  • 卡片格式
题名:
国际贸易实务
    
 
作者: 张琦生 , 马朝阳 主编
分册:  
出版信息: 北京   中国商务出版社  2009
页数: 298页
开本: 24cm
丛书名:
单 册:
中图分类: F740.4
科图分类:
主题词: 国际贸易--贸易实务--教材 , 国际贸易 , 贸易实务
电子资源:
ISBN: 978-7-5103-0012-7
000 00753nam0 2200253 45
005 20100303110959.12
010    @a978-7-5103-0012-7@dCNY29.00
100    @a20100121d2009 em y0chiy0120 ea
101 0  @achi
102    @aCN@b110000
105    @ay z 000yy
106    @ar
200 1  @a国际贸易实务@AGuo Ji Mao Yi Shi Wu@f张琦生,马朝阳主编@FZhang Qi Sheng, Ma Chao Yang Zhu Bian
210    @a北京@c中国商务出版社@d2009
215    @a298页@d24cm
300    @a新编国际贸易系列教材
606 0  @a国际贸易@x贸易实务@j教材
606 0  @a国际贸易
606 0  @a贸易实务
690    @aF740.4@v4
701  0 @a张琦生@AZhang Qi Sheng@4主编
701  0 @a马朝阳@AMa Chao Yang@4主编
801  0 @aCN@bTANGWEI@c20100303
905    @b0585012-16@dF740.4@e109@f5
    
    国际贸易实务/张琦生,马朝阳主编.-北京:中国商务出版社,2009
    298页;24cm
    新编国际贸易系列教材
    
    ISBN 978-7-5103-0012-7:CNY29.00
    
●
相关链接 在E读中查询图书 在五车中查询图书 在当当中查询图书 在豆瓣中查询图书


正题名:国际贸易实务     索取号:F740.4/109         预约/预借

序号 登录号 条形码 馆藏地/架位号 状态 备注
1 0585012   205850122   第一样本阅览室/ [索取号:F740.4/109] 在馆    
2 0585013   205850131   密集书库-海洋学院/ [索取号:F740.4/109] 在馆    
3 0585014   205850140   第一借阅区/ [索取号:F740.4/109] 在馆    
4 0585015   205850159   第一借阅区/ [索取号:F740.4/109] 在馆    
5 0585016   205850168   第一借阅区/ [索取号:F740.4/109] 在馆    
唐山师范学院图书馆 欢迎您!
大连网信软件有限公司© 版权所有